Z jakiej wytwórni są raperzy ? - Statystyki

Ogólne statystyki
  • Ten quiz został rozwiązany 802 razy
  • Średni wynik to 14 z 38
Statystyki odpowiedzi
Hint Odpowiedź % Poprawnych
Bedoes SBM Label
91%
Białas SBM Label
90%
Filipek QueQuality
78%
Jan Rapowanie SBM Label
74%
Quebonafide QueQuality
72%
Paluch B.O.R RECORDS
65%
Solar SBM Label
65%
PlanBe QueQuality
62%
Szpaku B.O.R. RECORDS
61%
Kartky QueQuality
59%
Otsochodzi Asfalt Records
57%
Reto NewBadLabel
53%
Joda B.O.R. RECORDS
52%
Blacha NewBadLabel
51%
O.S.T.R. Asfalt Records
47%
Adi Nowak Asfalt Records
45%
Taco Hemingway Asfalt Records
44%
Sokół PROSTO
44%
Wac Toja QueQuality
41%
Sarius Antihype
35%
Kękę Takie Rzeczy Label
31%
Słoń Brain Dead Familia
30%
Jeden QueQuality
24%
Tymek RENESANS
15%
Wini Stoprocent
15%
Hase Takie Rzeczy Label
12%
Dwa Sławy X2
12%
Young Multi Young Family Label
12%
Kali Ganja Mafia Label
10%
Bonson Stoprocent
9%
Taconafide Taconafidex
9%
Ten Typ Mes Alkopoligamia
7%
Małpa Proximite
4%
donGURALesko Szpadyzor Records
4%
VNM DeNekstBest
3%
Hemp Gru Hemp Rec
3%
Pro8l3m RHW Records
3%
W.E.N.A. Wyższe Dobro
1%
Nie znaleziono quizów pasujących do podanych kryteriów
Rozkład punktacji
Procent ludzi z każdym wynikiem
Percentyl według liczby udzielonych odpowiedzi
Twoja historia wyników
Nie rozwiązałeś tego quizu